000 00269nam a2200109Ia 4500
008 200302s9999 xx 000 0 und d
100 _aAlbert G. H. Dietz
245 _aDwelling House Construction 4th ed.
260 _bThe Mit Press Ltd.
260 _c1974
300 _a446 P.,
999 _c74
_d74